| 000 | 00516nam a2200169Ia 4500 | ||
|---|---|---|---|
| 003 | GCL | ||
| 008 | 140319s9999 xx 000 0 ara d | ||
| 040 |
_aGCL / _cGCL |
||
| 082 | 0 | 4 |
_aط _b649.68 _bوو |
| 100 | 1 | _aوكالة المطبوعات | |
| 245 | 1 | 0 |
_aوقت اللعب MY TOYS / _cوكالة المطبوعات |
| 260 |
_aالكويت : _bوكالة المطبوعات ، _c1992 |
||
| 300 |
_a: _bايض ؛ _c15 سم |
||
| 650 | 0 | 4 | _aالاطفال |
| 650 | 0 | 4 | _aالاطفال - تعليم |
| 942 |
_2ddc _cBK |
||
| 999 |
_c8772 _d8772 |
||